Paesi Europei - "L'impiccato" casuale - Statistics

Statistiche generali
  • Questo quiz è stato fatto 534 volte
  • Il punteggio medio è 5 su 7
Statistiche sulle risposte
Lettera % Corretto
A
100%
A
100%
A
100%
A
100%
A
100%
A
100%
A
100%
A
100%
A
100%
A
100%
A
100%
A
100%
A
95%
A
95%
A
95%
A
90%
A
90%
I
89%
I
89%
A
88%
A
88%
I
87%
L
87%
I
86%
I
86%
B
80%
I
80%
I
80%
I
80%
L
80%
L
80%
N
80%
N
80%
T
79%
A
78%
A
78%
L
71%
R
71%
S
69%
T
69%
U
69%
D
67%
R
67%
I
63%
N
63%
R
63%
D
60%
N
60%
O
60%
S
60%
E
58%
O
58%
S
58%
N
57%
O
57%
O
57%
P
57%
C
56%
F
56%
N
56%
N
54%
R
54%
R
54%
C
48%
D
46%
O
46%
R
44%
M
40%
N
40%
R
40%
N
38%
O
38%
R
38%
Z
38%
C
25%
I
25%
U
13%
Nessun quiz corrispondente trovato
Distribuzione punteggi
Percentuale di utenti per punteggio
Percentile per numero di risposta
I tuoi punteggi nel tempo
Non hai fatto questo quiz